书目信息 |
| 题名: |
UNIX轻松入门
|
|
| 作者: | 梅加 , Meghabghab 著 ;冯博琴 译 | |
| 分册: | ||
| 出版信息: | 北京 机械工业出版社 1997 |
|
| 页数: | 10,211页 | |
| 开本: | 26cm | |
| 丛书名: | ||
| 单 册: | ||
| 中图分类: | TP316 | |
| 科图分类: | ||
| 主题词: | UNIX操作系统--职业教育--教材 | |
| 电子资源: | ||
| ISBN: | 7-111-05651-5 | |
| 000 | 00875nam0 2200277 450 | |
| 001 | 0100608273 | |
| 005 | 20150226162456.0 | |
| 010 | @a7-111-05651-5@dCNY25.00 | |
| 011 | @a7-111-05651-5 | |
| 100 | @a20021005d1997 em y0chiy0110 ea | |
| 101 | 1 | @achi@ceng |
| 102 | @aCN@b110000 | |
| 105 | @ay z 000yy | |
| 106 | @ar | |
| 200 | 1 | @aUNIX轻松入门@9U N I X Qing Song Ru Men @f(美)[G.梅加]George Meghabghab著@g冯博琴等译@b专著 |
| 210 | @a北京@c机械工业出版社@a[纽约]@c西蒙与舒斯特国际出版公司@d1997 | |
| 215 | @a10,211页@d26cm | |
| 300 | @a当代计算机职业培训系列教程 | |
| 510 | 1 | @aIntroduction to UNIX@zeng |
| 606 | 0 | @aUNIX操作系统@x职业教育@x教材 |
| 690 | @aTP316@v3 | |
| 701 | 1 | @a梅加@9mei jia@bG.@4著 |
| 701 | 1 | @aMeghabghab@bGeorge@4著 |
| 702 | 0 | @a冯博琴@f(1942~)@9feng bo qin@4译 |
| 801 | 0 | @aCN@bAiZhiMarc@c19971229 |
| 905 | @aBZT@dTP@e14@f2@sTP/14 | |
| UNIX轻松入门/(美)[G.梅加]George Meghabghab著/冯博琴等译.-北京:机械工业出版社;[纽约]:西蒙与舒斯特国际出版公司,1997 |
| 10,211页;26cm |
| 当代计算机职业培训系列教程 |
| ISBN 7-111-05651-5:CNY25.00 |
| ● |
| 相关链接 |
|
|
|
正题名:UNIX轻松入门
索取号:TP/14
 
预约/预借
| 序号 | 登录号 | 条形码 | 馆藏地/架位号 | 状态 | 备注 |
| 1 | 2000102511 | 2000102511 | 旧书回溯/ [索取号:TP/14] | 在馆 | |
| 2 | 2000109679 | 2000109679 | 旧书回溯/ [索取号:TP/14] | 在馆 |